[Event "TUR-chT2"]
[Site "Konya"]
[Date "2014.06.26"]
[Round "5.2"]
[White "Miyak, Burak"]
[Black "Abdulov, Orkhan Javanshir"]
[Result "1/2-1/2"]
[WhiteElo "2095"]
[BlackElo "2348"]
[PlyCount "80"]
[EventDate "2014.06.23"]
[EventType "team-swiss"]
[EventRounds "9"]
[EventCountry "TUR"]
[SourceTitle "CBM 161 Extra"]
[Source "ChessBase"]
[SourceDate "2014.08.29"]
[SourceVersion "1"]
[SourceVersionDate "2014.08.29"]
[SourceQuality "1"]
[WhiteTeam "Burdur"]
[BlackTeam "Callica"]
[WhiteTeamCountry "TUR"]
[BlackTeamCountry "TUR"]

1. e4 c5 2. Nf3 e6 3. d3 Nc6 4. g3 g6 5. Bg2 Bg7 6. 0-0 Nge7 7. Qe2 0-0 8. c3 b6 9. Na3 Ba6 10. e5 d6 11. exd6 Qxd6 12. Nc4 Bxc4 13. dxc4 Rad8 14. Re1 Qd3 15. Bf1 Qxe2 16. Bxe2 Rd7 17. Rd1 Rxd1+ 18. Bxd1 Rd8 19. Be2 e5 20. Ne1 e4 21. f3 f5 22. f4 Kf7 23. Nc2 Ke6 24. Be3 Bf6 25. Rd1 Rxd1+ 26. Bxd1 Nc8 27. Be2 Nd6 28. Bd2 Na5 29. b3 Nc6 30. h4 h6 31. Ne3 Ne7 32. Kf2 Ne8 33. Nc2 Nc7 34. Na3 a6 35. Nc2 h5 36. Ne3 Kd6 37. Nc2 Nc6 38. Ne3 Ne7 39. Nc2 Nc6 40. Ne3 Ne7 1/2-1/2

[Event "TUR-chT"]
[Site "Denizli"]
[Date "2013.07.01"]
[Round "3.6"]
[White "Miyak, Burak"]
[Black "Uzunoglu, Efe Kerem"]
[Result "0-1"]
[WhiteElo "2109"]
[BlackElo "2053"]
[PlyCount "116"]
[EventDate "2013.06.29"]
[EventType "team-tourn"]
[EventRounds "13"]
[EventCountry "TUR"]
[SourceTitle "CBM 155 Extra"]
[Source "ChessBase"]
[SourceDate "2013.08.26"]
[SourceVersion "1"]
[SourceVersionDate "2013.08.26"]
[SourceQuality "1"]
[WhiteTeam "Tarsus Zeka"]
[BlackTeam "Ankara Demirspor"]
[WhiteTeamCountry "TUR"]
[BlackTeamCountry "TUR"]

1. Nf3 Nf6 2. c4 g6 3. Nc3 d5 4. cxd5 Nxd5 5. Qa4+ Bd7 6. Qh4 Nb6 7. d4 h6 8. Bf4 Bg7 9. e3 Nc6 10. Qg3 Rc8 11. Bd3 0-0 12. h4 h5 13. a3 Bg4 14. Be4 Nc4 15. b3 Nd6 16. Bxc6 bxc6 17. Ne5 Bd7 18. Qf3 Rb8 19. Nxd7 Qxd7 20. Na4 Qf5 21. Nc5 Rb5 22. Rc1 e5 23. Bxe5 Bxe5 24. Qxf5 Nxf5 25. dxe5 Re8 26. e6 fxe6 27. 0-0 Kf7 28. Rfd1 Nxh4 29. Rd4 Nf5 30. Ra4 a5 31. Rc3 Rd8 32. g3 Rd1+ 33. Kg2 Rb1 34. Kf3 g5 35. Re4 Nd6 36. Rd4 e5 37. Ra4 g4+ 38. Kg2 Rb2 39. Na6 R5xb3 40. Rxb3 Rxb3 41. Rxa5 Nc4 42. Rc5 Rxa3 43. Nb4 Nd2 44. Nxc6 Ke6 45. Nxe5 Ne4 46. Nc4 Nxc5 47. Nxa3 Nd3 48. Kf1 Ne5 49. Ke2 Kd5 50. Nb5 c5 51. Nc3+ Kc4 52. Kd2 Kb3 53. Nd5 c4 54. e4 Nf3+ 55. Ke3 c3 56. Nf4 c2 57. Ne2 Kb2 58. Kf4 Ng1 0-1

[Event "TUR-chT"]
[Site "Konya"]
[Date "2012.07.18"]
[Round "8"]
[White "Miyak, Burak"]
[Black "Ertan, Can"]
[Result "0-1"]
[WhiteElo "2145"]
[BlackElo "2256"]
[PlyCount "102"]
[EventDate "2012.07.11"]
[EventType "team-tourn"]
[EventRounds "13"]
[EventCountry "TUR"]
[SourceTitle "CBM 149 Extra"]
[Source "ChessBase"]
[SourceDate "2012.08.24"]
[SourceVersion "1"]
[SourceVersionDate "2012.08.24"]
[SourceQuality "1"]
[WhiteTeam "Tarsus Zeka"]
[BlackTeam "Ceyhan Belediye"]
[WhiteTeamCountry "TUR"]
[BlackTeamCountry "TUR"]

1. d4 Nf6 2. c4 e6 3. g3 d5 4. Bg2 Nbd7 5. Nf3 dxc4 6. 0-0 c5 7. Qc2 a6 8. Rd1 cxd4 9. Nxd4 Qc7 10. a4 Bc5 11. Na3 e5 12. Nf5 0-0 13. Be3 Nb6 14. Bxc5 Qxc5 15. Nd6 Be6 16. a5 Qxa5 17. Naxc4 Qb4 18. Na5 Nbd5 19. Ndxb7 Rab8 20. e4 Rfc8 21. Qd2 Qxd2 22. Rxd2 Nb4 23. Nd6 Rc5 24. Bf1 h6 25. Bc4 Bxc4 26. Naxc4 Nxe4 27. Nxe4 Rxc4 28. Nc3 f6 29. Nd5 Nxd5 30. Rxd5 Rxb2 31. Rxa6 Rc1+ 32. Kg2 Rcc2 33. Rd8+ Kh7 34. g4 Rxf2+ 35. Kg3 e4 36. Ra3 Rxh2 37. Rd7 h5 38. gxh5 Rbg2+ 39. Kf4 Rh4+ 40. Kf5 Rg5+ 41. Ke6 Rhxh5 42. Kf7 f5 43. Re7 Rh6 44. Raa7 Rf6+ 45. Ke8 Rg3 46. Re5 e3 47. Rae7 f4 48. Rh5+ Kg6 49. Rhe5 Rg1 50. Rb7 f3 51. Ree7 Kh6 0-1

[Event "Istanbul op 9th"]
[Site "Istanbul"]
[Date "2010.08.22"]
[Round "3"]
[White "Sumets, Andrey"]
[Black "Miyak, Burak"]
[Result "1-0"]
[WhiteElo "2618"]
[BlackElo "2173"]
[PlyCount "93"]
[EventDate "2010.08.21"]
[EventType "swiss"]
[EventRounds "9"]
[EventCountry "TUR"]
[SourceTitle "CBM 138 Extra"]
[Source "ChessBase"]
[SourceDate "2010.10.29"]
[SourceVersion "1"]
[SourceVersionDate "2010.10.29"]
[SourceQuality "1"]

1. d4 Nf6 2. c4 g6 3. Nc3 Bg7 4. Nf3 d6 5. e4 0-0 6. Be2 e5 7. 0-0 Nc6 8. d5 Ne7 9. Ne1 Nd7 10. Be3 f5 11. f3 f4 12. Bf2 g5 13. Rc1 a5 14. Nd3 b6 15. a3 Ng6 16. b4 axb4 17. axb4 Rf7 18. c5 bxc5 19. bxc5 Bf8 20. cxd6 Bxd6 21. Ra1 Rxa1 22. Qxa1 Qe7 23. Nb5 Nf6 24. Rc1 Bd7 25. Nxc7 g4 26. Qa2 g3 27. hxg3 fxg3 28. Bxg3 Nh5 29. Bf2 Ngf4 30. Nxf4 Nxf4 31. Ne6 Nxe2+ 32. Qxe2 Bxe6 33. dxe6 Qxe6 34. Qa6 Qe7 35. Rc6 Bb4 36. Qc8+ Kg7 37. Qg4+ Kh8 38. Bh4 Qa7+ 39. Kh2 Be7 40. Rc8+ Bf8 41. Qe6 Kg8 42. Bf6 Qd7 43. Qxd7 Rxd7 44. Bxe5 Rd1 45. Kh3 Kf7 46. Kg4 Be7 47. Kf5 1-0